000 00645nam a2200217 i 4500
001 C2-0091266
003 PPAK
005 20180727092315.0
008 970513s1986 enka|||| ||||| | eng d
040 _aPPAK
_beng
_cPPAK
_erda
082 0 4 _a428.1
_223
090 0 0 _a428.1
_bOXF
_dR
245 0 0 _aOxford - Duden pictorial English dictionary:
_bScience and medicine
264 1 _aOxford :
_bOxford University Press ,
_c1986
300 _aiii, 213 pages :
_billustrations ;
_c19 cm
336 _2rdacontent
_atext
337 _2rdamedia
_aunmediated
338 _2rdacarrier
_avolume
650 1 0 _aVocabulary - Pictorial works
942 _ddc
_cB
999 _c19253
_d19253